00830nam a2200205 a 450000100100000000500170001000800410002704000250006808200200009324500570011324600540017026000670022430000280029150000560031965000350037571000700041004900090048095201180048999900170060700001709620200929165025.0100317s1994 dr a 000 0 spa d aDO-SdBNPbspacBNPHU a796.3232bR337o00aReglas oficiales de basquebol :by manual de juez /.14aReglas oficiales de baloncestoby manual del juez aSanto Domingo :bFederación Dominicana de Baloncesto,c1994. a137 p. :bil. ;c20 cm. aXI Juegos deportivos nacionales juveniles, Mao 1997 4aBaloncestoxReglamentos9368981 aRepública DominicanabSecretaría de Estado de Deportes937689 aBNPD 0010718PDaPDbPDcCTd2010-03-17iLF1l0o796.3232 R337op17096-10r2020-06-25w2020-06-25yLFPDZNo se presta c16622d16622